000 00434nam a2200145Ia 4500
041 _aArabic
082 _a349 cut-496 ج
100 _a20260118u\\\\\\\\\\\y0engy0103\\\\ba
100 _aيعقوب يوسف الجدوع
245 0 _aالجرائم المخلة بالاخلاق والاداب العامة
250 _aط1
260 _bمطبعة النعمان
_aالنجف الاشرف
_c1973
300 _a652
942 _cBk
999 _c187527
_d187527